| 000 -LEADER |
| fixed length control field |
01801cam a2200373 a 4500 |
| 001 - CONTROL NUMBER |
| control field |
15187113 |
| 003 - CONTROL NUMBER IDENTIFIER |
| control field |
USPCAS-E |
| 005 - DATE AND TIME OF LATEST TRANSACTION |
| control field |
20180118181413.0 |
| 008 - FIXED-LENGTH DATA ELEMENTS--GENERAL INFORMATION |
| fixed length control field |
080220s2008 nyua 001 0 eng |
| 010 ## - LIBRARY OF CONGRESS CONTROL NUMBER |
| LC control number |
2008008028 |
| 020 ## - INTERNATIONAL STANDARD BOOK NUMBER |
| International Standard Book Number |
9780071496599 (alk. paper) |
| 020 ## - INTERNATIONAL STANDARD BOOK NUMBER |
| International Standard Book Number |
0071496599 (alk. paper) |
| 035 ## - SYSTEM CONTROL NUMBER |
| System control number |
(OCoLC)ocn196315985 |
| 035 ## - SYSTEM CONTROL NUMBER |
| System control number |
(OCoLC)196315985 |
| 040 ## - CATALOGING SOURCE |
| Original cataloging agency |
DLC |
| Transcribing agency |
DLC |
| Modifying agency |
YDX |
| -- |
BAKER |
| -- |
YDXCP |
| -- |
BUR |
| -- |
QBX |
| -- |
BTCTA |
| -- |
DLC |
| 050 00 - LIBRARY OF CONGRESS CALL NUMBER |
| Classification number |
TK2931 |
| Item number |
.H35 2006 |
| 082 00 - DEWEY DECIMAL CLASSIFICATION NUMBER |
| Classification number |
621.312429 |
| Edition number |
22 |
| Author Mark |
HAR-F 2008 |
| 100 1# - MAIN ENTRY--PERSONAL NAME |
| Personal name |
Harper, Gavin D. J. |
| 245 10 - TITLE STATEMENT |
| Title |
Fuel cell projects for the evil genius / |
| Statement of responsibility, etc. |
Gavin D. J. Harper. |
| 260 ## - PUBLICATION, DISTRIBUTION, ETC. |
| Place of publication, distribution, etc. |
New York : |
| Name of publisher, distributor, etc. |
McGraw-Hill, |
| Date of publication, distribution, etc. |
c2008. |
| 300 ## - PHYSICAL DESCRIPTION |
| Extent |
x, 196 p. : |
| Other physical details |
ill. ; |
| Dimensions |
28 cm. |
| 440 #0 - SERIES STATEMENT/ADDED ENTRY--TITLE |
| Title |
Evil genius series |
| 500 ## - GENERAL NOTE |
| General note |
Includes index. |
| 502 ## - DISSERTATION NOTE |
| Dissertation note |
0 |
| 504 ## - BIBLIOGRAPHY, ETC. NOTE |
| Bibliography, etc. note |
Includes bibliographical references and index. |
| 520 ## - SUMMARY, ETC. |
| Summary, etc. |
A fun and environmentally-aware project book focusing on fuel cells--technologies that generate electrical power whose only waste output is water. Includes concepts important to fuel cell technology, how to build a simple fuel cell, and why the hydrogen economy will be penetrating everyone's life during the next decade.--From publisher description. |
| 650 #0 - SUBJECT ADDED ENTRY--TOPICAL TERM |
| Topical term or geographic name entry element |
Fuel cells. |
| 856 42 - ELECTRONIC LOCATION AND ACCESS |
| Materials specified |
Contributor biographical information |
| Uniform Resource Identifier |
<a href="http://www.loc.gov/catdir/enhancements/fy0814/2008008028-b.html">http://www.loc.gov/catdir/enhancements/fy0814/2008008028-b.html</a> |
| 856 42 - ELECTRONIC LOCATION AND ACCESS |
| Materials specified |
Publisher description |
| Uniform Resource Identifier |
<a href="http://www.loc.gov/catdir/enhancements/fy0814/2008008028-d.html">http://www.loc.gov/catdir/enhancements/fy0814/2008008028-d.html</a> |
| 856 41 - ELECTRONIC LOCATION AND ACCESS |
| Materials specified |
Table of contents only |
| Uniform Resource Identifier |
<a href="http://www.loc.gov/catdir/enhancements/fy0814/2008008028-t.html">http://www.loc.gov/catdir/enhancements/fy0814/2008008028-t.html</a> |
| 906 ## - LOCAL DATA ELEMENT F, LDF (RLIN) |
| a |
7 |
| b |
cbc |
| c |
orignew |
| d |
1 |
| e |
ecip |
| f |
20 |
| g |
y-gencatlg |
| 942 ## - ADDED ENTRY ELEMENTS (KOHA) |
| Source of classification or shelving scheme |
|
| Koha item type |
Book |